Can computers aid the estimator (Record no. 98957)

MARC details
000 -LEADER
fixed length control field 00508cam a2200205 4500
001 - CONTROL NUMBER
control field D1188
008 - FIXED-LENGTH DATA ELEMENTS--GENERAL INFORMATION
fixed length control field 090401t1978 xxu||||| |||| 00| 0 eng d
035 ## - SYSTEM CONTROL NUMBER
System control number (Sirsi) u97595
041 ## - LANGUAGE CODE
Language code of text/sound track or separate title eng
050 ## - LIBRARY OF CONGRESS CALL NUMBER
Classification number 692.50285
100 ## - MAIN ENTRY--PERSONAL NAME
Personal name Bainbridge, A.B.
245 ## - TITLE STATEMENT
Title Can computers aid the estimator
260 ## - PUBLICATION, DISTRIBUTION, ETC.
Place of publication, distribution, etc. Ascat
Name of publisher, distributor, etc. Institute of Building
Date of publication, distribution, etc. 1978
300 ## - PHYSICAL DESCRIPTION
Extent 15p. 30cm
350 ## - PRICE (NR) (BK AM CF MU VM SE) [OBSOLETE]
Price 0
490 ## - SERIES STATEMENT
Series statement IOB Estimating Information Service
Volume/sequential designation 29
700 ## - ADDED ENTRY--PERSONAL NAME
Personal name McCaffer, R.
942 ## - ADDED ENTRY ELEMENTS (KOHA)
Suppress in OPAC 0
948 ## - LOCAL PROCESSING INFORMATION (OCLC); SERIES PART DESIGNATOR (RLIN)
c (OCLC) 04/03/1997
Holdings
Withdrawn status Lost status Source of classification or shelving scheme Damaged status Not for loan Home library Current library Shelving location Date acquired Total Checkouts Full call number Barcode Date last seen Copy number Price effective from Koha item type
    Other/Generic Classification Scheme     London London Boxed set 21/02/2003   BOXED SET 97595-1001 06/08/2019 1 06/08/2019 Book